[Event "Wroclaw"]
[Site "?"]
[Date "2020.08.25"]
[Round "6.6"]
[White "Radecki, Adam"]
[Black "Sanz Wawer, Daniel"]
[Result "1/2-1/2"]
[BlackElo "2220"]
[WhiteElo "1769"]
[LiveChessVersion "1.4.8"]

1. e4 {[%clk 0:15:16]} c6 {[%clk 0:15:20]} 2. d3 {[%clk 0:15:23]} d5
{[%clk 0:15:28]} 3. Nd2 {[%clk 0:15:32]} dxe4 {[%clk 0:15:30]} 4. dxe4
{[%clk 0:15:40]} e5 {[%clk 0:15:38]} 5. Ngf3 {[%clk 0:15:49]} Qc7
{[%clk 0:15:23]} 6. Bc4 {[%clk 0:15:53]} Bc5 {[%clk 0:14:44]} 7. O-O
{[%clk 0:15:54]} Nf6 {[%clk 0:14:42]} 8. c3 {[%clk 0:15:47]} O-O {[%clk 0:14:43]}
9. a4 {[%clk 0:15:47]} a5 {[%clk 0:14:42]} 10. Qc2 {[%clk 0:15:53]} Bg4
{[%clk 0:14:43]} 11. h3 {[%clk 0:15:41]} Bh5 {[%clk 0:14:48]} 12. Bd3
{[%clk 0:15:24]} Nbd7 {[%clk 0:14:43]} 13. g4 {[%clk 0:15:01]} Bg6
{[%clk 0:14:44]} 14. Nc4 {[%clk 0:15:09]} Ne8 {[%clk 0:11:48]} 15. Be3
{[%clk 0:15:06]} Bxe3 {[%clk 0:11:48]} 16. Nxe3 {[%clk 0:15:14]} Nc5
{[%clk 0:11:33]} 17. Nf5 {[%clk 0:15:10]} Ne6 {[%clk 0:11:14]} 18. Rfd1
{[%clk 0:14:55]} Nf4 {[%clk 0:11:22]} 19. Bf1 {[%clk 0:15:02]} Bxf5
{[%clk 0:11:23]} 20. exf5 {[%clk 0:15:04]} Nf6 {[%clk 0:11:05]} 21. Re1
{[%clk 0:14:49]} Rfe8 {[%clk 0:11:07]} 22. Rad1 {[%clk 0:14:56]} N6d5
{[%clk 0:10:58]} 23. Qe4 {[%clk 0:14:39]} f6 {[%clk 0:10:50]} 24. Nd2
{[%clk 0:12:43]} Red8 {[%clk 0:10:45]} 25. Nc4 {[%clk 0:12:46]} Rd7
{[%clk 0:10:23]} 26. Ne3 {[%clk 0:12:40]} Rad8 {[%clk 0:09:21]} 27. Nxd5
{[%clk 0:12:47]} cxd5 {[%clk 0:09:01]} 28. Qf3 {[%clk 0:12:51]} Qb6
{[%clk 0:05:38]} 29. Bb5 {[%clk 0:12:43]} Rd6 {[%clk 0:05:47]} 30. h4
{[%clk 0:11:25]} Qc7 {[%clk 0:05:28]} 31. Qg3 {[%clk 0:11:08]} Kh8
{[%clk 0:04:31]} 32. Kh2 {[%clk 0:10:43]} Qc5 {[%clk 0:04:21]} 33. g5
{[%clk 0:10:24]} Rg8 {[%clk 0:03:02]} 34. Rg1 {[%clk 0:09:19]} Rdd8
{[%clk 0:03:10]} 35. Qf3 {[%clk 0:08:54]} Qc8 {[%clk 0:02:50]} 36. Qg4
{[%clk 0:08:35]} h5 {[%clk 0:02:08]} 37. Qg3 {[%clk 0:07:44]} Qxf5
{[%clk 0:01:12]} 38. g6 {[%clk 0:07:48]} Rd6 {[%clk 0:00:27]} 39. Bd3
{[%clk 0:07:13]} e4 {[%clk 0:00:15]} 40. Bb5 {[%clk 0:07:16]} Rgd8
{[%clk 0:00:20]} 41. f3 {[%clk 0:07:02]} e3 {[%clk 0:00:14]} 42. Rd4
{[%clk 0:07:01]} Ne6 {[%clk 0:00:23]} 43. Bd3 {[%clk 0:07:00]} Nxd4
{[%clk 0:00:18]} 44. Bxf5 {[%clk 0:07:08]} Nxf5 {[%clk 0:00:27]} 45. Qf4
{[%clk 0:07:18]} Nh6 {[%clk 0:00:18]} 46. Qxe3 {[%clk 0:07:23]} d4
{[%clk 0:00:27]} 47. cxd4 {[%clk 0:07:20]} Rxd4 {[%clk 0:00:36]} 48. Rg2
{[%clk 0:07:17]} Rxh4+ {[%clk 0:00:36]} 49. Kg1 {[%clk 0:07:21]} Rxa4
{[%clk 0:00:22]} 50. Rd2 {[%clk 0:07:13]} Rxd2 {[%clk 0:00:19]} 51. Qxd2
{[%clk 0:07:22]} Rb4 {[%clk 0:00:17]} 52. Kf2 {[%clk 0:07:22]} h4
{[%clk 0:00:17]} 53. Kg2 {[%clk 0:07:22]} Rb5 {[%clk 0:00:15]} 54. Kh3
{[%clk 0:07:22]} Rg5 {[%clk 0:00:19]} 55. Qd3 {[%clk 0:07:13]} Rg1
{[%clk 0:00:14]} 56. Kxh4 {[%clk 0:07:04]} f5 {[%clk 0:00:19]} 57. Qd8+
{[%clk 0:06:35]} Ng8 {[%clk 0:00:28]} 58. Qf8 {[%clk 0:06:17]} Rxg6
{[%clk 0:00:31]} 59. Qxf5 {[%clk 0:06:24]} Rh6+ {[%clk 0:00:32]} 60. Kg3
{[%clk 0:06:32]} b6 {[%clk 0:00:38]} 61. Qe5 {[%clk 0:06:34]} Rf6
{[%clk 0:00:42]} 62. f4 {[%clk 0:06:31]} Rh6 {[%clk 0:00:50]} 63. Kf3
{[%clk 0:06:29]} Rf6 {[%clk 0:00:58]} 64. Qe8 {[%clk 0:06:05]} Rh6
{[%clk 0:01:04]} 65. Qe5 {[%clk 0:06:12]} 1/2-1/2

[Event "Wroclaw"]
[Site "?"]
[Date "2020.08.25"]
[Round "6.7"]
[White "Majocha, Piotr"]
[Black "Rogala, Milosz"]
[Result "1-0"]
[BlackElo "1668"]
[WhiteElo "1822"]
[LiveChessVersion "1.4.8"]

1. c4 {[%clk 0:15:19]} c6 {[%clk 0:15:18]} 2. Nf3 {[%clk 0:15:27]} Nf6
{[%clk 0:15:25]} 3. Nc3 {[%clk 0:15:35]} d5 {[%clk 0:15:30]} 4. e3
{[%clk 0:15:44]} a6 {[%clk 0:15:24]} 5. d4 {[%clk 0:15:49]} e6 {[%clk 0:15:23]}
6. Qc2 {[%clk 0:15:40]} Nbd7 {[%clk 0:15:30]} 7. b3 {[%clk 0:15:48]} b5
{[%clk 0:15:31]} 8. Bd3 {[%clk 0:15:52]} Bb7 {[%clk 0:15:33]} 9. O-O
{[%clk 0:15:58]} g6 {[%clk 0:15:26]} 10. a3 {[%clk 0:15:07]} Bg7 {[%clk 0:15:23]}
11. e4 {[%clk 0:14:12]} dxe4 {[%clk 0:15:22]} 12. Nxe4 {[%clk 0:14:19]} O-O
{[%clk 0:14:48]} 13. Bb2 {[%clk 0:13:56]} Nxe4 {[%clk 0:13:51]} 14. Bxe4
{[%clk 0:14:05]} Nf6 {[%clk 0:13:58]} 15. Ne5 {[%clk 0:13:36]} Nxe4
{[%clk 0:12:55]} 16. Qxe4 {[%clk 0:13:44]} Qc7 {[%clk 0:12:38]} 17. Qe3
{[%clk 0:11:11]} Rad8 {[%clk 0:10:47]} 18. Bc3 {[%clk 0:10:36]} Rc8
{[%clk 0:08:20]} 19. Rac1 {[%clk 0:08:24]} bxc4 {[%clk 0:06:57]} 20. bxc4
{[%clk 0:07:57]} Rfd8 {[%clk 0:05:08]} 21. c5 {[%clk 0:05:46]} Rd5
{[%clk 0:04:59]} 22. Nc4 {[%clk 0:04:09]} Rcd8 {[%clk 0:04:46]} 23. Ba5
{[%clk 0:03:09]} Qb8 {[%clk 0:04:04]} 24. Bxd8 {[%clk 0:03:16]} Qxd8
{[%clk 0:04:13]} 25. Nd6 {[%clk 0:02:49]} Ba8 {[%clk 0:04:16]} 26. Rfd1
{[%clk 0:02:20]} Qh4 {[%clk 0:03:50]} 27. Qf3 {[%clk 0:01:58]} f5
{[%clk 0:03:17]} 28. Qe2 {[%clk 0:01:33]} Bxd4 {[%clk 0:02:52]} 29. Qxe6+
{[%clk 0:01:37]} Kg7 {[%clk 0:03:02]} 30. Rf1 {[%clk 0:00:46]} Bxc5
{[%clk 0:02:06]} 31. Ne8+ {[%clk 0:00:40]} Kh8 {[%clk 0:01:02]} 32. Nc7
{[%clk 0:00:29]} Bd6 {[%clk 0:00:24]} 33. g3 {[%clk 0:00:37]} Qd8
{[%clk 0:00:12]} 34. Nxd5 {[%clk 0:00:41]} cxd5 {[%clk 0:00:21]} 35. Rc8
{[%clk 0:00:50]} 1-0

[Event "Wroclaw"]
[Site "?"]
[Date "2020.08.25"]
[Round "6.8"]
[White "Kulesza, Andrzej"]
[Black "Musial, Tomasz"]
[Result "1/2-1/2"]
[BlackElo "1958"]
[WhiteElo "1717"]
[LiveChessVersion "1.4.8"]

1. e4 {[%clk 0:15:17]} e6 {[%clk 0:15:19]} 2. d4 {[%clk 0:15:26]} d5
{[%clk 0:15:28]} 3. Nd2 {[%clk 0:15:33]} c5 {[%clk 0:15:36]} 4. Ngf3
{[%clk 0:15:40]} Nf6 {[%clk 0:15:06]} 5. exd5 {[%clk 0:15:46]} Qxd5
{[%clk 0:15:14]} 6. Bc4 {[%clk 0:15:51]} Qd7 {[%clk 0:15:06]} 7. O-O
{[%clk 0:15:58]} cxd4 {[%clk 0:14:40]} 8. Nb3 {[%clk 0:16:06]} Nc6
{[%clk 0:14:46]} 9. Nbxd4 {[%clk 0:16:14]} Nxd4 {[%clk 0:14:53]} 10. Nxd4
{[%clk 0:16:22]} a6 {[%clk 0:15:00]} 11. Bf4 {[%clk 0:16:08]} b5 {[%clk 0:14:14]}
12. Bb3 {[%clk 0:16:10]} Bc5 {[%clk 0:14:05]} 13. c3 {[%clk 0:16:18]} O-O
{[%clk 0:13:19]} 14. Bg3 {[%clk 0:16:19]} Bxd4 {[%clk 0:12:24]} 15. cxd4
{[%clk 0:16:21]} Bb7 {[%clk 0:12:27]} 16. Rc1 {[%clk 0:16:20]} Rac8
{[%clk 0:12:15]} 17. Qd3 {[%clk 0:16:13]} Rxc1 {[%clk 0:11:46]} 18. Rxc1
{[%clk 0:16:22]} Rc8 {[%clk 0:11:39]} 19. Rxc8+ {[%clk 0:16:21]} Qxc8
{[%clk 0:11:45]} 20. Qc3 {[%clk 0:16:16]} Qxc3 {[%clk 0:10:49]} 21. bxc3
{[%clk 0:16:24]} Ne4 {[%clk 0:09:57]} 22. c4 {[%clk 0:16:33]} bxc4
{[%clk 0:10:02]} 23. Bxc4 {[%clk 0:16:41]} Nxg3 {[%clk 0:10:10]} 24. hxg3
{[%clk 0:16:49]} Kf8 {[%clk 0:10:05]} 25. f3 {[%clk 0:16:58]} Ke7
{[%clk 0:10:08]} 26. Kf2 {[%clk 0:17:06]} Kd6 {[%clk 0:10:12]} 27. Ke3
{[%clk 0:17:15]} a5 {[%clk 0:09:30]} 28. a3 {[%clk 0:17:23]} f6 {[%clk 0:08:43]}
29. g4 {[%clk 0:17:25]} Bc6 {[%clk 0:08:22]} 30. g3 {[%clk 0:17:23]} Ba4
{[%clk 0:08:01]} 31. Be2 {[%clk 0:17:16]} h6 {[%clk 0:07:44]} 32. Ke4 Ke5+
1/2-1/2

[Event "Wroclaw"]
[Site "?"]
[Date "2020.08.25"]
[Round "6.9"]
[White "Lis, Mateusz"]
[Black "Derylo, Kamil"]
[Result "1-0"]
[BlackElo "1795"]
[WhiteElo "1973"]
[LiveChessVersion "1.4.8"]

1. e4 {[%clk 0:15:19]} e5 {[%clk 0:15:19]} 2. Nf3 {[%clk 0:15:28]} Nc6
{[%clk 0:15:28]} 3. Bb5 {[%clk 0:15:37]} a6 {[%clk 0:15:37]} 4. Ba4
{[%clk 0:15:35]} Nf6 {[%clk 0:15:45]} 5. d3 {[%clk 0:15:44]} d6 {[%clk 0:15:54]}
6. O-O {[%clk 0:15:42]} g6 {[%clk 0:16:02]} 7. a3 {[%clk 0:15:34]} Bg7
{[%clk 0:16:09]} 8. h3 {[%clk 0:15:37]} O-O {[%clk 0:16:16]} 9. Nc3
{[%clk 0:15:44]} h6 {[%clk 0:16:06]} 10. Be3 {[%clk 0:15:38]} Be6
{[%clk 0:15:21]} 11. Qd2 {[%clk 0:15:21]} Kh7 {[%clk 0:15:30]} 12. Nh2
{[%clk 0:13:48]} d5 {[%clk 0:13:44]} 13. exd5 {[%clk 0:12:42]} Nxd5
{[%clk 0:13:48]} 14. Nxd5 {[%clk 0:11:29]} Bxd5 {[%clk 0:13:49]} 15. c4
{[%clk 0:10:45]} Be6 {[%clk 0:13:55]} 16. f4 {[%clk 0:10:42]} exf4
{[%clk 0:13:13]} 17. Rxf4 {[%clk 0:10:24]} Nd4 {[%clk 0:13:08]} 18. Nf3
{[%clk 0:09:26]} c5 {[%clk 0:12:27]} 19. Nxd4 {[%clk 0:08:34]} cxd4
{[%clk 0:12:28]} 20. Bf2 {[%clk 0:08:42]} Qg5 {[%clk 0:08:46]} 21. Bh4
{[%clk 0:07:58]} Qc5 {[%clk 0:07:57]} 22. b4 {[%clk 0:07:58]} Qc7
{[%clk 0:07:50]} 23. Bg3 {[%clk 0:07:46]} Qe7 {[%clk 0:07:09]} 24. Re1
{[%clk 0:07:12]} Qd8 {[%clk 0:06:51]} 25. Bd1 {[%clk 0:06:41]} b5
{[%clk 0:06:17]} 26. Bf3 {[%clk 0:05:06]} Ra7 {[%clk 0:06:26]} 27. c5
{[%clk 0:04:00]} Bd5 {[%clk 0:06:04]} 28. Rf1 {[%clk 0:03:51]} Bxf3
{[%clk 0:06:01]} 29. R4xf3 {[%clk 0:04:00]} Qd5 {[%clk 0:05:55]} 30. Qc2
{[%clk 0:03:32]} f5 {[%clk 0:05:44]} 31. a4 {[%clk 0:02:36]} Re8 {[%clk 0:04:44]}
32. Ra1 {[%clk 0:02:22]} Rae7 {[%clk 0:04:27]} 33. Qa2 {[%clk 0:01:46]} Qd7
{[%clk 0:02:48]} 34. axb5 {[%clk 0:01:42]} axb5 {[%clk 0:02:07]} 35. Qa6
{[%clk 0:01:35]} Re6 {[%clk 0:01:48]} 36. Qa7 {[%clk 0:01:28]} Qd5
{[%clk 0:01:52]} 37. Ra6 {[%clk 0:01:26]} g5 {[%clk 0:01:34]} 38. Rd6
{[%clk 0:00:30]} Rxd6 {[%clk 0:01:26]} 39. Bxd6 {[%clk 0:00:39]} Re1+
{[%clk 0:00:48]} 40. Kh2 {[%clk 0:00:16]} Kg6 {[%clk 0:00:50]} 41. Qb6
{[%clk 0:00:25]} Re6 {[%clk 0:00:37]} 42. Qc7 {[%clk 0:00:34]} h5
{[%clk 0:00:35]} 43. Rf2 {[%clk 0:00:30]} h4 {[%clk 0:00:34]} 44. Qb8
{[%clk 0:00:16]} g4 {[%clk 0:00:26]} 45. hxg4 {[%clk 0:00:16]} fxg4
{[%clk 0:00:35]} 46. Kg1 {[%clk 0:00:25]} g3 {[%clk 0:00:31]} 47. Bxg3
{[%clk 0:00:32]} hxg3 {[%clk 0:00:38]} 48. Qxg3+ {[%clk 0:00:41]} Kh7
{[%clk 0:00:45]} 49. Rf4 {[%clk 0:00:43]} Bh6 {[%clk 0:00:34]} 50. Rf7+
{[%clk 0:00:51]} 1-0

[Event "Wroclaw"]
[Site "?"]
[Date "2020.08.25"]
[Round "6.10"]
[White "Soszka, Szymon"]
[Black "Bojczewski, Mateusz"]
[Result "1-0"]
[BlackElo "1706"]
[WhiteElo "1539"]
[LiveChessVersion "1.4.8"]

1. e4 {[%clk 0:15:17]} c6 {[%clk 0:15:19]} 2. d4 {[%clk 0:15:22]} d5
{[%clk 0:15:28]} 3. Nc3 {[%clk 0:15:30]} dxe4 {[%clk 0:15:36]} 4. Nxe4
{[%clk 0:15:38]} Nd7 {[%clk 0:15:46]} 5. c3 {[%clk 0:15:26]} Ngf6
{[%clk 0:15:52]} 6. Ng3 {[%clk 0:15:29]} e6 {[%clk 0:15:57]} 7. Nf3
{[%clk 0:15:28]} Bd6 {[%clk 0:16:03]} 8. Bd3 {[%clk 0:15:31]} Qc7
{[%clk 0:16:12]} 9. Bg5 {[%clk 0:15:11]} h6 {[%clk 0:16:10]} 10. Bd2
{[%clk 0:15:04]} b6 {[%clk 0:16:18]} 11. Qe2 {[%clk 0:15:10]} Bb7
{[%clk 0:16:24]} 12. Nf5 {[%clk 0:14:56]} Bf8 {[%clk 0:15:54]} 13. Ne3
{[%clk 0:13:37]} c5 {[%clk 0:15:37]} 14. O-O {[%clk 0:12:42]} Be7
{[%clk 0:15:41]} 15. dxc5 {[%clk 0:12:27]} Nxc5 {[%clk 0:15:12]} 16. Bb5+
{[%clk 0:12:33]} Ncd7 {[%clk 0:15:01]} 17. Nd4 {[%clk 0:12:16]} O-O
{[%clk 0:14:49]} 18. Nef5 {[%clk 0:11:29]} Bc5 {[%clk 0:14:20]} 19. Ng3
{[%clk 0:10:48]} Bxd4 {[%clk 0:14:12]} 20. cxd4 {[%clk 0:10:53]} Qd6
{[%clk 0:14:18]} 21. Be3 {[%clk 0:09:32]} Qd5 {[%clk 0:14:15]} 22. f3
{[%clk 0:09:37]} Rac8 {[%clk 0:14:18]} 23. Bd3 {[%clk 0:09:41]} Rfd8
{[%clk 0:13:45]} 24. Bf2 {[%clk 0:09:26]} Nc5 {[%clk 0:12:52]} 25. Bc4
{[%clk 0:09:08]} Ba6 {[%clk 0:12:39]} 26. Bxa6 {[%clk 0:09:08]} Nxa6
{[%clk 0:12:47]} 27. Qxa6 {[%clk 0:09:11]} Rc2 {[%clk 0:12:55]} 28. b3
{[%clk 0:08:05]} b5 {[%clk 0:12:50]} 29. Qxa7 {[%clk 0:07:51]} Ra8
{[%clk 0:12:58]} 30. Qe7 {[%clk 0:07:08]} Raxa2 {[%clk 0:12:57]} 31. Rxa2
{[%clk 0:07:03]} Rxa2 {[%clk 0:13:06]} 32. b4 {[%clk 0:06:59]} Rc2
{[%clk 0:13:06]} 33. Ne4 {[%clk 0:06:39]} Nxe4 {[%clk 0:13:14]} 34. fxe4
{[%clk 0:06:48]} Qxe4 {[%clk 0:13:21]} 35. Qe8+ {[%clk 0:06:54]} Kh7
{[%clk 0:13:30]} 36. Qxb5 {[%clk 0:06:57]} Rb2 {[%clk 0:13:07]} 37. Qc4
{[%clk 0:06:44]} e5 {[%clk 0:12:53]} 38. Qc3 {[%clk 0:06:32]} Rc2
{[%clk 0:12:38]} 39. Qe3 {[%clk 0:06:34]} Qxe3 {[%clk 0:12:39]} 40. Bxe3
{[%clk 0:06:40]} exd4 {[%clk 0:12:48]} 41. Bxd4 {[%clk 0:06:47]} Rc4
{[%clk 0:12:54]} 42. Bc5 {[%clk 0:06:52]} f6 {[%clk 0:12:59]} 43. Rb1
{[%clk 0:06:55]} Re4 {[%clk 0:13:07]} 44. b5 {[%clk 0:07:00]} Re5
{[%clk 0:13:08]} 45. b6 {[%clk 0:07:05]} Rxc5 {[%clk 0:13:03]} 46. b7
{[%clk 0:07:14]} 1-0

[Event "Wroclaw"]
[Site "?"]
[Date "2020.08.25"]
[Round "6.11"]
[White "Galuszka, Tomasz"]
[Black "Jagura Norbert"]
[Result "1-0"]
[BlackElo "1600"]
[WhiteElo "1854"]
[LiveChessVersion "1.4.8"]

1. e4 {[%clk 0:15:18]} e6 {[%clk 0:15:16]} 2. d4 {[%clk 0:15:23]} d5
{[%clk 0:15:24]} 3. Nd2 {[%clk 0:15:31]} dxe4 {[%clk 0:15:27]} 4. Nxe4
{[%clk 0:15:39]} Bd7 {[%clk 0:15:35]} 5. Nf3 {[%clk 0:15:43]} Bc6
{[%clk 0:15:32]} 6. Bd3 {[%clk 0:15:39]} Nd7 {[%clk 0:15:40]} 7. Qe2
{[%clk 0:14:38]} Be7 {[%clk 0:15:32]} 8. O-O {[%clk 0:14:42]} Ngf6
{[%clk 0:14:25]} 9. Ng3 {[%clk 0:14:43]} Bxf3 {[%clk 0:13:46]} 10. Qxf3
{[%clk 0:14:49]} c6 {[%clk 0:13:47]} 11. Qe2 {[%clk 0:14:35]} Qc7
{[%clk 0:12:41]} 12. c3 {[%clk 0:13:31]} O-O-O {[%clk 0:11:59]} 13. Ne4
{[%clk 0:11:57]} Nxe4 {[%clk 0:11:40]} 14. Bxe4 {[%clk 0:12:05]} Bd6
{[%clk 0:11:46]} 15. h3 {[%clk 0:11:55]} Kb8 {[%clk 0:11:06]} 16. a4
{[%clk 0:11:56]} e5 {[%clk 0:10:02]} 17. dxe5 {[%clk 0:11:09]} Bxe5
{[%clk 0:09:39]} 18. a5 {[%clk 0:10:54]} Nc5 {[%clk 0:09:09]} 19. Bc2
{[%clk 0:09:44]} Rhe8 {[%clk 0:09:05]} 20. Qc4 {[%clk 0:09:26]} Nd7
{[%clk 0:06:21]} 21. a6 {[%clk 0:09:20]} b6 {[%clk 0:05:53]} 22. Qxf7
{[%clk 0:07:47]} Rf8 {[%clk 0:05:06]} 23. Qh5 {[%clk 0:07:49]} Nf6
{[%clk 0:04:31]} 24. Qe2 {[%clk 0:06:55]} Rde8 {[%clk 0:04:34]} 25. Qc4
{[%clk 0:06:50]} h6 {[%clk 0:02:06]} 26. Bg6 {[%clk 0:05:59]} Rd8
{[%clk 0:01:48]} 27. Be4 {[%clk 0:04:47]} Nxe4 {[%clk 0:01:16]} 28. Qxe4
{[%clk 0:04:55]} Bh2+ {[%clk 0:00:27]} 29. Kh1 {[%clk 0:05:03]} Rxf2
{[%clk 0:00:17]} 30. Be3 {[%clk 0:04:42]} Rxb2 {[%clk 0:00:24]} 31. Rad1
{[%clk 0:04:11]} Bd6 {[%clk 0:00:13]} 32. Bf4 {[%clk 0:03:03]} Bxf4
{[%clk 0:00:12]} 33. Rxd8+ {[%clk 0:03:09]} Qxd8 {[%clk 0:00:16]} 34. Qxf4+
{[%clk 0:03:18]} Qc7 {[%clk 0:00:15]} 35. Qf8+ {[%clk 0:03:21]} Qc8
{[%clk 0:00:15]} 36. Qd6+ {[%clk 0:03:29]} 1-0

[Event "Wroclaw"]
[Site "?"]
[Date "2020.08.25"]
[Round "7.1"]
[White "Teclaf, Pawel"]
[Black "Nowak, Mikolaj"]
[Result "1-0"]
[BlackElo "2200"]
[WhiteElo "2382"]
[LiveChessVersion "1.4.8"]

1. Nf3 {[%clk 0:15:19]} d5 {[%clk 0:15:19]} 2. e3 {[%clk 0:15:24]} Nf6
{[%clk 0:15:19]} 3. c4 {[%clk 0:15:32]} c6 {[%clk 0:14:57]} 4. Nc3
{[%clk 0:15:32]} g6 {[%clk 0:14:57]} 5. d4 {[%clk 0:15:32]} Bg7 {[%clk 0:14:57]}
6. Be2 {[%clk 0:15:32]} O-O {[%clk 0:14:57]} 7. O-O {[%clk 0:15:32]} a6
{[%clk 0:14:57]} 8. b3 {[%clk 0:15:32]} Bg4 {[%clk 0:14:57]} 9. h3
{[%clk 0:15:32]} Bxf3 {[%clk 0:14:57]} 10. Bxf3 {[%clk 0:15:32]} e6
{[%clk 0:14:57]} 11. Bb2 {[%clk 0:15:32]} Nbd7 {[%clk 0:14:57]} 12. Rc1
{[%clk 0:15:32]} Rc8 {[%clk 0:14:57]} 13. Qd2 {[%clk 0:15:32]} Re8
{[%clk 0:14:57]} 14. Rfd1 {[%clk 0:15:32]} Qe7 {[%clk 0:14:57]} 15. Be2
{[%clk 0:15:32]} b5 {[%clk 0:14:57]} 16. cxb5 cxb5 {[%clk 0:09:11]} 17. a4
{[%clk 0:13:04]} b4 {[%clk 0:08:48]} 18. Na2 {[%clk 0:13:13]} a5 {[%clk 0:08:41]}
19. Bb5 {[%clk 0:13:14]} Ne4 {[%clk 0:05:57]} 20. Qe2 {[%clk 0:13:12]} Nd6
{[%clk 0:06:00]} 21. Ba6 {[%clk 0:13:01]} Rxc1 {[%clk 0:05:34]} 22. Nxc1 Ra8
{[%clk 0:05:05]} 23. Bd3 {[%clk 0:12:32]} Qd8 {[%clk 0:04:54]} 24. Qe1 Rc8
{[%clk 0:04:49]} 25. Ne2 {[%clk 0:12:23]} Qb6 26. Rc1 {[%clk 0:12:27]} Rxc1
{[%clk 0:04:16]} 27. Qxc1 {[%clk 0:12:34]} Qb7 28. Bb1 {[%clk 0:12:38]} Qc8
{[%clk 0:03:45]} 29. Qd1 {[%clk 0:12:46]} Qc6 30. Nf4 {[%clk 0:12:21]} Bf8
{[%clk 0:01:54]} 31. h4 {[%clk 0:12:06]} Bh6 {[%clk 0:01:31]} 32. Ne2
{[%clk 0:11:45]} Nf6 {[%clk 0:01:23]} 33. Ng3 Nfe4 34. Ne2 {[%clk 0:10:37]} Nf6
{[%clk 0:01:20]} 35. Qd3 Bg7 {[%clk 0:01:15]} 36. f3 {[%clk 0:10:23]} Qb7
{[%clk 0:00:38]} 37. g4 Qc6 38. Ng3 {[%clk 0:10:21]} Qc7 {[%clk 0:00:36]} 39. Kg2
{[%clk 0:10:28]} Qc6 {[%clk 0:00:43]} 40. Kh3 {[%clk 0:10:31]} Qc8
{[%clk 0:00:44]} 41. Kg2 {[%clk 0:10:27]} Qc6 {[%clk 0:00:52]} 42. h5 Qc8
{[%clk 0:00:40]} 43. g5 {[%clk 0:10:36]} Nd7 {[%clk 0:00:46]} 44. e4 Qc6
{[%clk 0:00:43]} 45. Qd2 {[%clk 0:09:58]} Ne8 {[%clk 0:00:34]} 46. Bd3
{[%clk 0:10:04]} Qc7 {[%clk 0:00:33]} 47. exd5 {[%clk 0:09:40]} exd5
{[%clk 0:00:41]} 48. f4 {[%clk 0:09:49]} Nb6 {[%clk 0:00:42]} 49. f5
{[%clk 0:09:55]} Qc6 {[%clk 0:00:19]} 50. Qe2 {[%clk 0:08:44]} Nc4
{[%clk 0:00:19]} 51. bxc4 {[%clk 0:08:40]} dxc4+ {[%clk 0:00:22]} 52. Be4
{[%clk 0:08:50]} Qd7 {[%clk 0:00:20]} 53. Qxc4 {[%clk 0:08:50]} Nd6
{[%clk 0:00:22]} 54. Qd5 {[%clk 0:08:59]} 1-0

[Event "Wroclaw"]
[Site "?"]
[Date "2020.08.25"]
[Round "7.2"]
[White "Fus, Jakub"]
[Black "Kokoszczynski, Jan"]
[Result "1/2-1/2"]
[BlackElo "2013"]
[WhiteElo "2191"]
[LiveChessVersion "1.4.8"]

1. d4 {[%clk 0:15:19]} d5 {[%clk 0:15:19]} 2. Nf3 {[%clk 0:15:24]} e6
{[%clk 0:15:21]} 3. c4 c5 {[%clk 0:15:27]} 4. cxd5 {[%clk 0:15:37]} exd5
{[%clk 0:15:36]} 5. Nc3 {[%clk 0:15:43]} Nc6 {[%clk 0:15:44]} 6. g3
{[%clk 0:15:15]} Nf6 {[%clk 0:15:50]} 7. Bg2 {[%clk 0:15:23]} cxd4
{[%clk 0:15:28]} 8. Nxd4 {[%clk 0:15:32]} Bc5 {[%clk 0:15:36]} 9. Nb3
{[%clk 0:15:29]} Bb6 {[%clk 0:15:45]} 10. O-O {[%clk 0:15:19]} d4
{[%clk 0:15:53]} 11. Na4 {[%clk 0:15:27]} O-O {[%clk 0:16:00]} 12. Bg5
{[%clk 0:15:08]} Re8 {[%clk 0:16:07]} 13. Nxb6 {[%clk 0:15:06]} axb6
{[%clk 0:16:15]} 14. e3 {[%clk 0:15:08]} d3 {[%clk 0:16:23]} 15. Bxf6
{[%clk 0:15:08]} gxf6 {[%clk 0:16:30]} 16. a3 {[%clk 0:14:52]} Qd6
{[%clk 0:14:01]} 17. Rc1 {[%clk 0:14:38]} Bf5 {[%clk 0:11:16]} 18. Rc3
{[%clk 0:11:54]} Rad8 {[%clk 0:08:50]} 19. Qd2 {[%clk 0:08:56]} Re7
{[%clk 0:04:31]} 20. Rd1 {[%clk 0:06:40]} h5 {[%clk 0:03:31]} 21. f3
{[%clk 0:03:44]} Ne5 {[%clk 0:03:01]} 22. Nd4 {[%clk 0:03:27]} Bg6
{[%clk 0:02:58]} 23. Rdc1 {[%clk 0:01:52]} Kg7 {[%clk 0:02:14]} 24. Kf2
{[%clk 0:01:56]} h4 {[%clk 0:01:48]} 25. gxh4 {[%clk 0:01:43]} Rh8
{[%clk 0:01:57]} 26. h3 {[%clk 0:01:46]} Rxh4 {[%clk 0:02:02]} 27. Kf1
{[%clk 0:01:08]} Nc6 {[%clk 0:00:31]} 28. Nxc6 {[%clk 0:00:52]} bxc6
{[%clk 0:00:39]} 29. e4 {[%clk 0:00:47]} c5 {[%clk 0:00:22]} 30. Rxd3
{[%clk 0:00:54]} Qh2 {[%clk 0:00:25]} 31. Qf2 {[%clk 0:00:33]} Rh8
{[%clk 0:00:32]} 32. Qg1 {[%clk 0:00:35]} Qg3 {[%clk 0:00:37]} 33. Qf2
{[%clk 0:00:40]} Qh2 {[%clk 0:00:47]} 34. Re1 {[%clk 0:00:35]} Qf4
{[%clk 0:00:34]} 35. Kg1 {[%clk 0:00:35]} Rhe8 {[%clk 0:00:43]} 36. Rd5
{[%clk 0:00:25]} f5 {[%clk 0:00:44]} 37. e5 {[%clk 0:00:34]} Rxe5
{[%clk 0:00:47]} 38. Rdxe5 {[%clk 0:00:43]} Rxe5 {[%clk 0:00:56]} 39. Rxe5
{[%clk 0:00:52]} Qxe5 {[%clk 0:01:06]} 40. f4 Qd6 {[%clk 0:01:09]} 41. Qe3
{[%clk 0:00:55]} f6 {[%clk 0:00:25]} 42. Kh2 {[%clk 0:00:54]} Bf7
{[%clk 0:00:32]} 43. Bf3 {[%clk 0:00:39]} Kh6 {[%clk 0:00:26]} 44. Kg3
{[%clk 0:00:47]} Kg7 {[%clk 0:00:18]} 45. Qc3 {[%clk 0:00:35]} Be6
{[%clk 0:00:19]} 46. Qe3 {[%clk 0:00:27]} Bf7 {[%clk 0:00:28]} 47. Kf2
{[%clk 0:00:34]} Bc4 {[%clk 0:00:31]} 48. Be2 {[%clk 0:00:30]} Bxe2
{[%clk 0:00:15]} 49. Kxe2 {[%clk 0:00:39]} Qd5 {[%clk 0:00:18]} 50. Kf2
{[%clk 0:00:29]} Kf7 {[%clk 0:00:16]} 51. b3 {[%clk 0:00:22]} Qh1
{[%clk 0:00:20]} 52. Kg3 {[%clk 0:00:30]} Qa1 {[%clk 0:00:19]} 53. a4
{[%clk 0:00:38]} Qb1 {[%clk 0:00:25]} 54. Kg2 {[%clk 0:00:23]} Qc2+
{[%clk 0:00:31]} 55. Kg3 {[%clk 0:00:31]} Qd1 {[%clk 0:00:38]} 56. Qf3
{[%clk 0:00:19]} Qe1+ {[%clk 0:00:39]} 1/2-1/2